Applied statistical decision theory

Đã lưu trong:
Chi tiết về thư mục
Những tác giả chính: Raiffa, Howard (Tác giả), Schlaifer, Robert (Tác giả)
Định dạng: Sách
Ngôn ngữ:Tiếng Anh
Được phát hành: Cambridge M.I.T 1961
Những chủ đề:
Các nhãn: Thêm thẻ
Không có thẻ, Là người đầu tiên thẻ bản ghi này!

MARC

LEADER 00000nam a2200000 a 4500
001 UCW1282
003 CL-VaPUC
008 920102e19610000US |||||||||||||||||eng|d
082 0 4 |a 519.54  |b RAI  |2 21 
100 0 |a Raiffa, Howard  |e author  |9 305203 
700 0 |a Schlaifer, Robert  |e author  |9 305204 
245 1 0 |a Applied statistical decision theory 
300 |a 356 p 
942 |c BK 
945 |d 19920102 00:00:00 
260 |a Cambridge  |b M.I.T  |c 1961 
650 7 |a DECISIONES ESTADISTICAS  |2 CL-VaPUC  |9 270713 
583 |a last modification  |c 19920102 00:00:00  |k Rodrigo Vera 
999 |c 216199  |d 216197 
952 |0 0  |1 0  |4 0  |6 519_540000000000000_RAI_1961  |7 0  |8 A  |9 201704  |a BIBGIM  |b BIBGIM  |d 2019-11-14  |i 2689472  |o 519.54 RAI 1961  |p 2689472  |r 2025-01-15  |w 2019-11-14  |y BK  |k EST